Представление документа в формате MARC21

Поле Инд. ПП Название Значение
Тип записи a
Библиографический уровень b
001 Контрольный номер RU/IS/BASE/289671978
005 Дата корректировки 20200610181716.4
008 Кодируемые данные 20090306
040 b Код языка каталог. rus
e Правила каталог. PSBO
041 0_ a Код языка текста rus
084 a Индекс другой классификации/Индекс ББК 83.3(2=411.2)6
100 1_ a Автор Выговская Н. С.
245 10 a Заглавие Система отношений "автор - читатель" в прозе о Чеченской войне 1990 - 2000 гг. и ее воздействие на структуру повестования в художественных и нехудожественных "военных" текстах
504 a Библиография Библиогр. - Примеч.: с. 107 - 108
650 04 a Основная рубрика история литературы
a Основная рубрика литературоведение
a Основная рубрика филологические науки
653 0_ a Ключевые слова XX век
a Ключевые слова автобиографический метод
a Ключевые слова авторское начало
a Ключевые слова военная проза
a Ключевые слова проза
a Ключевые слова Россия
a Ключевые слова художественная литература
a Ключевые слова Чеченская война 1999
773 08 t Заглавие источника Вестник Московского университета. Серия 9, Филология
d Дата издания источника 2008
g Прочая информация № 2. - С. 103 - 108
w Контрольный № источника RU/IS/BASE/286474537
901 t Тип документа b